| 000 | 00555nam a2200169 i 4500 | ||
|---|---|---|---|
| 001 | 88239 | ||
| 003 | ES-MaACL | ||
| 005 | 20230906175826.0 | ||
| 007 | t| | ||
| 008 | 050103s1907 sp ||||1| spa d | ||
| 100 | 1 |
_aLaiglesia, Francisco de ( _d1850-1922) _969670 |
|
| 245 | 1 | 4 |
_aLos gastos de la corona en el Imperio [de Carlos V] / _cF. de Laiglesia. |
| 260 |
_aMadrid : _b[s.n.], _c1907 ( _fImp. del Asilo de Huérfanos) |
||
| 300 |
_a74. [8] p. ; _c25 cm. |
||
| 651 | 4 |
_aEspaña- _xHistoria- _y1516-1556, Carlos I. _98224 |
|
| 852 |
_aES-MaACL _jT-1160-F-5 |
||
| 999 |
_c88239 _d88239 |
||